| Record ID | marc_records_scriblio_net/part15.dat:204691324:715 |
| Source | Scriblio |
| Download Link | /show-records/marc_records_scriblio_net/part15.dat:204691324:715?format=raw |
LEADER: 00715pam 2200217 a 4500
001 82002187
003 DLC
005 19821208000000.0
008 820128s1982 nyu b 00110 eng
010 $a 82002187
020 $a0393015653
043 $an-us---$aae-----
050 0 $aDS518.8$b.B58 1982
082 0 $a327.7305$219
100 10 $aBlum, Robert M.
245 10 $aDrawing the line :$bthe origin of the American containment policy in East Asia /$cRobert M. Blum.
260 0 $aNew York :$bNorton,$cc1982.
300 $axii, 273 p. ;$c24 cm.
504 $aIncludes bibliographical references and index.
651 0 $aEast Asia$xForeign relations$zUnited States.
651 0 $aUnited States$xForeign relations$zEast Asia.